000
00344 a2200157 4500
001
74169
020
_a
040
_c
Anchieta - Colégio São Paulo
100
_a
Olho da História
240
1
0
_a
O olho da história
_l
por
245
1
0
_a
O olho da história
300
_a
199
362
0
_a
1996
650
4
_a
História do mundo
942
_c
BK
999
_c
74169
_d
74169